Geography Quiz

Random Geography or City Quiz

'H' in Geography Quiz Stats

 Plays Quiz Updated Jul 28, 2017

Also try: 'T' in Geography
Challenge
Share
Tweet
Score 0/16 Timer 05:00
4 Plays Today
Question Answer % Correct
Can you name the weather event in the image above?Hurricane
95.6%
Which city is the largest in Texas and the fourth-largest in the US?Houston
94%
The name of which Dutch region is sometimes used to refer to the Netherlands as a whole?Holland
89.7%
Which eastern US river has its mouth in New York Harbor?Hudson River
88%
Which mountain range was formed from the collision of the Indian plate into the Eurasian plate?Himalayas
87.5%
Which special administrative region of China transferred sovereignty in 1997?Hong Kong
84.7%
Can you name the lake shown in the image above?Huron
83.1%
Which southern English county has a US state named after it?Hampshire
82.5%
Question Answer % Correct
Can you name the country whose flag is in the image above?Honduras
82.4%
Can you name the country whose outline is in the image above?Hungary
80.6%
What is the name of the largest city in Vietnam, once called Saigon?Ho Chi Minh City
74.5%
Which British landmark is 73 miles long and was built to separate the Romans from the Picts?Hadrian's Wall
67.9%
Which Caribbean island comprises Haiti and the Dominican Republic?Hispaniola
64.3%
What is the capital of the Canadian province of Nova Scotia?Halifax
59.6%
Which archipelago off the west coast of Scotland is comprised of two groups: the Inner and Outer?Hebrides
54.1%
What is the state capital and largest city of Tasmania, Australia?Hobart
50.7%

You're not logged in!

Compare scores with friends on all Sporcle quizzes.
Join for Free
OR
Log In

You Might Also Like...

Show Comments

Extras

Top Quizzes Today


Score Distribution

Your Account Isn't Verified!

In order to create a playlist on Sporcle, you need to verify the email address you used during registration. Go to your Sporcle Settings to finish the process.

Report this User

Report this user for behavior that violates our Community Guidelines.

Details: